Danganronpa 2 Ultimate Quiz *Spoilers* - Statistics

General Stats
  • This quiz has been taken 301 times
  • The average score is 14 of 17
Answer Stats
Character Ultimate % Correct
Chiaki Nanami Ultimate Gamer
95%
Teruteru Hanamura Ultimate Cook
89%
Sonia Nevermind Ultimate Princess
89%
Fuyuhiko Kuzuryu Ultimate Yakuza
89%
Nagito Komaeda Ultimate Lucky Student
88%
Mikan Tsumiki Ultimate Nurse
88%
Akane Owari Ultimate Gymnast
86%
Kazuichi Soda Ultimate Mechanic
85%
"Byakuya Togami" Ultimate Imposter
83%
Mahiru Koizumi Ultimate Photographer
83%
Ibuki Mioda Ultimate Musician
82%
Hiyoko Saionji Ultimate Traditional Dancer
79%
Peko Pekoyama Ultimate Swordswoman
76%
Hajime Hinata Ultimate Hope
74%
Izuru Kamakura Ultimate Hope
74%
Nekomaru Nidai Ultimate Team Manager
72%
Gundham Tanaka Ultimate Animal Breeder
48%
No matching quizzes found
Score Distribution
Percent of People with Each Score
Percentile by Number Answered
Your Score History
You have not taken this quiz